| 000 | nam a22 a 4500 | ||
|---|---|---|---|
| 999 |
_c159707 _d159707 |
||
| 003 | BLK | ||
| 005 | 20210721124521.0 | ||
| 008 | 180410b bul|||||r ||||||| ||bul|| | ||
| 010 | _aKNG00166881000 | ||
| 040 | _aBLK | ||
| 041 |
_aBUL _cBUL |
||
| 080 |
_aРуска литература _b821.161.1 _x-4 _z821.161.1-4 |
||
| 100 | 1 |
_aТолстой, Лев Николаевич _eпърви автор _9367573 |
|
| 139 |
_aТолстой, Лев Николаевич _bТ 67 |
||
| 245 | 1 | 0 |
_aДнешното робство _cЛев Николаевич Толстой; прев. от рус. Нешо Байров. |
| 257 | _aRUS | ||
| 260 |
_bМл. Манджуков _c1901 _fСофия : Калъчев |
||
| 300 |
_a100 с. _c20 см |
||
| 380 | _a82 | ||
| 490 |
_9435080 _aКолекция Редки и ценни издания |
||
| 500 | _aВтория екз. е подв. към Клемансо против Жореса, 1906, със сигн. Рб 896 и инв. № 7280/57 | ||
| 653 | _aочерци | ||
| 653 | _aробство | ||
| 700 | 1 |
_aБайров, Нешо _eпрев. от рус. _9334598 |
|
| 852 |
_aРб 896 _bРц |
||
| 852 |
_aЦб 8.195.16774 _bЦб |
||
| 942 |
_cKNG _n0 _s1 |
||
| 944 |
_aCR _c06.11.2014 _kНаталия_Медовщикова |
||
| 944 |
_aED _c2021-07-21 _kРенета Константинова |
||